| 000 | 00897cab a2200253 4500 | ||
|---|---|---|---|
| 001 | ABS45535 | ||
| 008 | 090401t1991 xxu||||| |||| 00| 0 eng d | ||
| 035 | _a(Sirsi) u53613 | ||
| 041 | _aeng | ||
| 100 | _aPowell-Smith, V. | ||
| 245 | _aDispute stops interim claim | ||
| 260 | _c1991 | ||
| 350 | _a0 | ||
| 490 |
_aContract Journal _v361 (5849) 28 November 1991, 8(1) |
||
| 520 | _aDiscusses "Enco Civil Engineering Ltd v Zeus International Development Ltd" 29 October 1991 (unreported) which highlights the fact that interim certificates have no binding effect if contractual disputes arise. | ||
| 650 | _aCIVIL ENGINEERING CONTRACTS | ||
| 650 | _aCLAIMS | ||
| 650 | _aCONTRACTUAL OBLIGATIONS | ||
| 650 | _aICE CONDITIONS OF CONTRACT (FIFTH EDITION) | ||
| 650 | _aINTERIM CERTIFICATES | ||
| 690 | _aBUILT ENVIRONMENT-BUILDING CONTRACT FORMS | ||
| 942 | _n0 | ||
| 948 | _c04/03/1997 | ||
| 999 |
_c33021 _d33021 |
||